| 000 | 01086nam a2200241 u 4500 | ||
|---|---|---|---|
| 001 | 000769533 | ||
| 003 | AM-YeHGA | ||
| 005 | 20250617143837.0 | ||
| 008 | 101101s1976 ||||||||||||||||||||rus|c | ||
| 040 | _aAM-YeHGA | ||
| 041 | 0 | _arus | |
| 100 | 1 | _aМартьянов, А.П. | |
| 245 | 1 | 0 |
_aНеконсервативные задачи и методы . Расчета стержней, Стержневых систем и оболочек / _cА.П. Мартьянов ; Ред. В.П. Лапин ; Мин-во с.-х. СССР ; Казанский с.-х. ин-т. |
| 260 |
_aКазань : _bТатарское книжное изд-во, _c1976. |
||
| 300 |
_a335 с. : _bил. ; _c22 см. |
||
| 500 | _aПрилож. : с. 278-320 | ||
| 504 | _aЛит. : с. 321-331 | ||
| 650 | 1 | 4 | _aПрочность стержней |
| 700 | 1 |
_aЛапин, В.П. _eред. _4edt |
|
| 710 | 2 | _aМин-во сельского хозяйства СССР | |
| 710 | 2 | _aКазанский сельскохозяйственный ин-т им. М. Горького | |
| 090 | _c284187 | ||
| 999 |
_c282530 _d282530 |
||